000 00785nas a2200253 4500
001 BR9214268
003 BR-BrBNA
005 20231205093607.0
007 ta
008 230509b bl.|||p| |||| 00| 00por d
040 _aBR-BrBNA
_bpor
_cBiblioteca Nacional de Agricultura
041 _a(Pt)
072 _aP34
100 1 _aAraujo, F.F.
100 1 _aMedeiros, J.S.
245 1 _aEfeito de extrato radicular sobre a nodulacao de caupi
246 1 _aEffect of root extract on nodulation of cowpea
650 _aFeijao de Corda
650 _aFixacao de Nitrogenio
650 _aNodulacao
773 0 _tPesquisa Agropecuaria Brasileira (Brazil)
_xISSN 0100-204X
_g(Apr 1992), v. 27(4) p. 581-587
_wBR9214268
909 _a202311
_bLúcia
_c55
_dLúcia Elande
942 _2AGRIS
_n0
_cANA
999 _c139355
_d139355